000 01304nam a2200301 a 4500
003 DO-SdBNP
005 20221006155424.0
008 220705e2021 dr ad||fr|||| 001 0 spa d
020 _a9789945509106
040 _aDO-SdBNP
_bspa
_cBNPHU
082 4 _222
_bE641t
245 1 0 _aEpidemiología del trabajo doméstico:
_bel proceso de vivir, trabajar, enfermar y morir de las trabajadoras del hogar en la República Dominicana. /
260 _aSanto Domingo :
_b Fundación Friedrich Ebert,
_c2021
300 _a194 p. :
_bil., gráf.
_c28 cm
500 _aGlosario de términos.--
504 _aBibliografía: p. 179- 194
505 0 _aGlosario.
_t1. Introducción.--
_t2. Marco Teórico.-
_tDiseño del Estudio.--
_tDiseño Material y Métodos.--
_tResultados.--
_tDiscusión.--
_tBibliografía.
590 _aInventarido 2022 / MF
650 4 _92064
_aTrabajo de la Mujer
650 4 _936965
_aServicio Doméstico
_xCondiciones Económicas
_zRepública Dominicana
650 4 _912479
_aEmpleadas Doméstica
_xCondiciones de salud
_vRepública Dominicana
700 1 _aBasilé, Gonzalo
_eCoord.
_981946
700 1 _a López, María Fernanda
_ecoord.
_981947
710 2 _913286
_aFundación Friedrich Ebert
710 2 _97407
_aPrograma Salud Internacional FLACSO
910 _aMFeliz
942 _2ddc
_cLBS1
999 _c52147
_d52147